00540cam a22001572 4500001001100000005001700011008004100028020001200069040001500081050001700096245007800113260006500191300002100256650007100277700003400348000000263420151217161131.0070417s xx 000 0 eng d cKES 175 aKABUcKABU 0aPE1591b.D5310aDictionary of English synonyms and antonyms /cedited by G. Elgie Christ. aKamla Nagar, Delhi :bSurjeet Publications,c2000 [printing] a303 p. ;c21 cm. 0aEnglish languagevDictionariesxSynonyms and antonyms.@00001520781 aChrist, G. Elgie.@0000152079